| 000 | 00374nam a22001337a 4500 | ||
|---|---|---|---|
| 003 | SGT | ||
| 082 |
_a616.01 _bI21S |
||
| 100 | _aSHARMA, SACHIN | ||
| 245 | _aIsolation Identification And Anti fungal Susceptibility Testing Of Dermatophytes From Clinical Samples | ||
| 260 |
_aSGT UNIVERSITY _bSGT UNIVERSITY _c2021 |
||
| 300 | _a193 | ||
| 650 | _aPHD THESIS | ||
| 942 |
_2ddc _cTH |
||
| 999 |
_c26414 _d26414 |
||